|
|
|
|
| LEADER |
00906nam a2200241 a 4500 |
| 001 |
44190152 |
| 008 |
100204s1999 nyua sb i000 0 eng d |
| 020 |
|
|
|a 0897145585
|
| 040 |
|
|
|a ORU
|c ORU
|d DB-DhAAL
|
| 082 |
0 |
0 |
|a 304.6
|2 21
|
| 245 |
1 |
4 |
|a The State of world population 1999 :
|b 6billion : a time for choices /
|c UNFPA, United Nations Population Fund
|
| 246 |
3 |
0 |
|a Six billion :
|b a time for choices
|
| 260 |
|
|
|a New York :
|b UNFPA,
|c 1999
|
| 300 |
|
|
|a iv, 76 p. :
|b illus ;
|c 30 cm.
|
| 504 |
|
|
|a Includes bibliographical references
|
| 541 |
1 |
|
|e 00007395
|
| 650 |
|
0 |
|a Population
|
| 650 |
|
0 |
|a Demography
|
| 650 |
|
0 |
|a Women's rights
|
| 710 |
2 |
|
|a United Nations Population Fund
|
| 852 |
4 |
|
|a Ayesha Abed Library
|j General Shelf.
|
| 999 |
|
|
|c 7351
|d 7351
|
| 952 |
|
|
|0 0
|1 0
|2 ddc
|4 0
|6 304_600000000000000_STA_1999
|7 0
|9 7826
|a BRACUL
|b BRACUL
|c GEN
|d 2010-02-08
|l 0
|o 304.6 STA
|p 3010007395
|r 2010-02-08
|t 1
|w 2010-02-08
|y BK
|